LIBRARY & INFORMATION CENTRE, KCAET, TAVANUR

ONLINE PUBLIC ACCESS CATALOGUE (OPAC)

Cost Benefit analysis of Irrigation and drought proofing / (Record no. 1309)

MARC details
000 -LEADER
fixed length control field 00487cam a2200181ua 4500
020 ## - INTERNATIONAL STANDARD BOOK NUMBER
ISBN 81-204-0370-3
041 ## - LANGUAGE CODE
Language code of text/sound track or separate title eng
082 ## - DEWEY DECIMAL CLASSIFICATION NUMBER
Classification number 631.587
Item number PUT/CO
100 ## - MAIN ENTRY--AUTHOR NAME
Personal name Puttaswamaian, .
245 ## - TITLE STATEMENT
Title Cost Benefit analysis of Irrigation and drought proofing /
250 ## - EDITION STATEMENT
Edition statement 1 /
260 ## - PUBLICATION, DISTRIBUTION, ETC. (IMPRINT)
Place of publication :
Name of publisher Oxford & IBH Publishing company ,
Year of publication 1989.
300 ## - PHYSICAL DESCRIPTION
Number of Pages 175 ; .
942 ## - ADDED ENTRY ELEMENTS (KOHA)
Koha item type Books
Holdings
Withdrawn status Lost status Damaged status Home library Current library Date acquired Full call number Accession Number Koha item type
      KAUAET KAUAET 07/04/2012 631.587 16760 Books
free website counter